000 00701nam a22001817a 4500
005 20250323134711.0
008 250323b |||||||| |||| 00| 0 eng d
020 _a9781561708178
_qpbk
041 _aeng
082 _a306.7
_bTAY
100 _aTaylor, Sandra Anne
245 _aSecrets of attraction
_bthe universal laws of love, sex, and romance
_c/ Sandra Anne Taylor
260 _aCalifornia
_bHay House
_cc2001
300 _a250 p.
_c22 cm.
520 _aReveals how the universal laws - and even quantum physics - actually direct the course of your relationship destiny.
650 _aLove Juvenile fiction; Man-Woman Relationships; Self-help Techniques; Sexual Attraction
942 _cENGLISH
999 _c568885
_d568885